000 00401nam a22001577a 4500
005 20260306104011.0
008 260306b |||||||| |||| 00| 0 eng d
020 _a978-93-57270-31-1
050 _aPS 3513 .I25 G53 2022
_b1
100 _aGIBRAN,KAHLIL
245 _aSAND AND FOAM
260 _aDARYAGANJ,
_bDOUBLE 9 BOOKS
_c2022
300 _a34P;ILL
650 _aSAND AND FOAM
942 _2lcc
_cBK
999 _c216798
_d216798